Status [juego] /

Guardado en:
Formato: Objeto Físico
Publicado: Argentina : Integral gráfica, [199?]
Materias:
Etiquetas: Agregar Etiqueta
Sin Etiquetas, Sea el primero en etiquetar este registro!
LEADER 00713nrm a22001575g 4500
001 CEM.cems019326
008 130507b199?##################0###0#####d
005 20220830154710.0
003 CEMS
245 0 0 |a Status [juego] /  |c Yetem 
260 |a Argentina :  |b Integral gráfica,  |c [199?] 
300 |a 1 juego (1 tablero, 2 dados, 6 peones, 180 billetes, 42 tarjetas de status, 6 tarjetas de crédito, 6 tarjetas de club, 6 tarjetas diploma) ; en caja 24 x 47 x 4 cm. + manual de instrucciones. 
500 |a Para 2 a 6 jugadores a partir de 13 años objetivo: ser el primer jugador que obtenga U$s 10.000. 
082 0 4 |a J793.9 
653 |a 1. juegos de negocios y finanzas 
859 |a CEMS  |b BIB. CEMS - Ludoteca  |h J793.9  |i Y48  |p 108.96  |t Ej.1